000 00755nam a2200205Ia 4500
003 GCL
008 140319s9999 xx 000 0 ara d
020 _a7101427977
040 _aGCL /
_cGCL
082 0 4 _a050
_bا د
100 1 _aامانى محمد السيد
245 1 0 _aالدوريات الالكترونية :
_bالخصائص - التحهيز والنشر - الاتاحة /
_cامانى محمد السيد
250 _aالاولى
260 _aالقاهرة :
_bالدار المصرية اللبنانية ،
_c2007
300 _a279 ص ؛
_c24 سم
490 _aعلم المكتبات والمعلومات المعاصر
_v0
650 0 4 _aالدوريات
650 0 4 _aالدوريات الالكترونية
942 _2ddc
_cBK
999 _c9884
_d9884